[Event "ECU pre olympic"]
[Site "Quito"]
[Date "2024.04.10"]
[Round "3"]
[White "Garzon Zapatanga, Christopher Leonel"]
[Black "Viscaino Yanez, Jhonny Cesar"]
[Result "1-0"]
[WhiteElo "2193"]
[BlackElo "1952"]
[PlyCount "117"]
[EventDate "2024.04.09"]
[EventType "tourn"]
[EventRounds "11"]
[EventCountry "ECU"]
[SourceTitle "EXT 2025"]
[Source "ChessBase"]
[SourceDate "2024.10.14"]
[SourceVersion "1"]
[SourceVersionDate "2024.10.14"]
[SourceQuality "1"]

1. e4 c5 2. Nf3 e6 3. d4 cxd4 4. Nxd4 Nf6 5. Nc3 Nc6 6. Ndb5 Bb4 7. a3 Bxc3+ 8. Nxc3 d5 9. exd5 exd5 10. Bd3 0-0 11. 0-0 d4 12. Ne2 Bg4 13. h3 Bh5 14. f4 Bxe2 15. Qxe2 Qb6 16. Qf2 Rfe8 17. Qh4 Ne7 18. Bd2 Ned5 19. Rae1 Ne3 20. Rf3 Nxc2 21. Bxc2 d3+ 22. Be3 Rxe3 23. Rfxe3 dxc2 24. Qf2 Qxb2 25. Qd2 Rc8 26. Rc1 g6 27. Re2 Qxa3 28. Rxc2 Rxc2 29. Qxc2 Qa1+ 30. Kh2 Qd4 31. Qd2 Qb6 32. Qc3 Kf8 33. Qe5 Qc6 34. Rd2 Qe6 35. Qc5+ Qe7 36. Rd8+ Ne8 37. Qd4 Kg8 38. Rd7 Qf6 39. Qe5 Kf8 40. Rxb7 Qxe5 41. fxe5 a5 42. Ra7 Ng7 43. Kg3 Ne6 44. Rxa5 h6 45. Ra7 Kg7 46. Kf3 Nc5 47. Ke3 g5 48. g3 h5 49. Kd4 Ne6+ 50. Kd5 h4 51. gxh4 gxh4 52. Ra4 Kg6 53. Rxh4 Kf5 54. Rh6 Nf4+ 55. Kd6 Ng6 56. Rxg6 Kxg6 57. h4 Kf5 58. h5 Kg5 59. Ke7 1-0

[Event "ECU pre olympic"]
[Site "Quito"]
[Date "2024.04.09"]
[Round "2"]
[White "Aspiazu Sibri, Marlon Steven"]
[Black "Garzon Zapatanga, Christopher Leonel"]
[Result "1/2-1/2"]
[WhiteElo "2092"]
[BlackElo "2193"]
[PlyCount "73"]
[EventDate "2024.04.09"]
[EventType "tourn"]
[EventRounds "11"]
[EventCountry "ECU"]
[SourceTitle "EXT 2025"]
[Source "ChessBase"]
[SourceDate "2024.10.14"]
[SourceVersion "1"]
[SourceVersionDate "2024.10.14"]
[SourceQuality "1"]

1. c4 e5 2. Nc3 Nc6 3. g3 d6 4. Bg2 g6 5. e3 Be6 6. Nd5 Bg7 7. Ne2 Qd7 8. Nec3 Nd8 9. Qa4 Qxa4 10. Nxa4 Rc8 11. b3 c6 12. Ndc3 f5 13. Ba3 Nf7 14. d4 e4 15. c5 d5 16. b4 a6 17. Nb6 Rd8 18. Bb2 g5 19. h4 h6 20. hxg5 hxg5 21. Rxh8 Nxh8 22. a4 f4 23. gxf4 gxf4 24. b5 axb5 25. axb5 Ne7 26. Ra7 Rb8 27. Bf1 Nhg6 28. Na2 fxe3 29. fxe3 Bh6 30. Bc1 Nc8 31. Nxc8 Bxc8 32. Nb4 Bd7 33. Be2 Ne7 34. b6 Nc8 35. Ra2 Kf7 36. Bh5+ Kf6 37. Rf2+ 1/2-1/2

[Event "ECU-ch"]
[Site "Ibarra"]
[Date "2024.03.15"]
[Round "6"]
[White "Esmeraldas Huachi, Anderson Yahir"]
[Black "Garzon Zapatanga, Christopher Leonel"]
[Result "0-1"]
[WhiteElo "2148"]
[BlackElo "2178"]
[PlyCount "88"]
[EventDate "2024.03.13"]
[EventType "swiss"]
[EventRounds "9"]
[EventCountry "ECU"]
[SourceTitle "EXT 2025"]
[Source "ChessBase"]
[SourceDate "2024.10.14"]
[SourceVersion "1"]
[SourceVersionDate "2024.10.14"]
[SourceQuality "1"]

1. d4 Nf6 2. Bf4 g6 3. Nf3 Bg7 4. h3 d6 5. e3 0-0 6. Be2 Nbd7 7. 0-0 b6 8. a4 a5 9. Na3 Bb7 10. Bh2 Re8 11. Nb5 Ne4 12. Rc1 e5 13. c4 exd4 14. exd4 Nf8 15. b3 Ne6 16. d5 N6c5 17. Qc2 Na6 18. Bd3 Nec5 19. Qb1 Nb4 20. Bc2 Qd7 21. Rce1 Ba6 22. Nfd4 Bxb5 23. Nxb5 Rxe1 24. Rxe1 Re8 25. Rxe8+ Qxe8 26. Kf1 Be5 27. Bg1 Bf6 28. Bh2 Qe7 29. Bf4 Bg5 30. Bxg5 Qxg5 31. Nxc7 Qd2 32. Bd1 Nbd3 33. Be2 Nc1 34. Bf3 N5d3 35. Kg1 Qxf2+ 36. Kh2 Qd2 37. Nb5 Ne5 38. Be4 f5 39. Nxd6 Qf4+ 40. Kh1 fxe4 41. Nxe4 Ncd3 42. Nd6 Nf2+ 43. Kg1 Qe3 44. Kf1 Ned3 0-1

[Event "ECU-ch"]
[Site "Ibarra"]
[Date "2024.03.14"]
[Round "4"]
[White "Garzon Zapatanga, Christopher Leonel"]
[Black "Aspiazu Sibri, Marlon Steven"]
[Result "1-0"]
[WhiteElo "2178"]
[BlackElo "2092"]
[PlyCount "102"]
[EventDate "2024.03.13"]
[EventType "swiss"]
[EventRounds "9"]
[EventCountry "ECU"]
[SourceTitle "EXT 2025"]
[Source "ChessBase"]
[SourceDate "2024.10.14"]
[SourceVersion "1"]
[SourceVersionDate "2024.10.14"]
[SourceQuality "1"]

1. e4 e5 2. Nf3 Nc6 3. Bb5 a6 4. Ba4 Nf6 5. 0-0 Nxe4 6. d4 b5 7. Bb3 d5 8. dxe5 Be6 9. c3 Bc5 10. Bf4 g5 11. Be3 Bxe3 12. fxe3 g4 13. Nd4 Nxe5 14. Nxe6 fxe6 15. Nd2 Nc5 16. a4 Rb8 17. axb5 axb5 18. Bc2 Qd6 19. b4 Ncd7 20. Nb3 Rg8 21. Nd4 Rg5 22. Qe1 Rh5 23. Qg3 Ke7 24. e4 Rg8 25. Rf4 Rgg5 26. exd5 Qxd5 27. Bb3 Nc4 28. Rd1 Qb7 29. Bxc4 bxc4 30. Rxg4 h6 31. b5 Ne5 32. Rxg5 Rxg5 33. Qh3 Qc8 34. Qxh6 Qg8 35. Rd2 Nd3 36. Qh4 Kd7 37. Re2 e5 38. Nf3 Rg4 39. Qf6 Qe6 40. Nxe5+ Nxe5 41. Qxe5 Qb6+ 42. Kh1 Qg6 43. Qd5+ Kc8 44. Qa8+ Kd7 45. Rc2 Ke6 46. Qc8+ Kf6 47. Qd8+ Ke6 48. Re2+ Re4 49. Rxe4+ Qxe4 50. Qe8+ Kf5 51. Qxe4+ Kxe4 1-0

[Event "Pan American-ch School U15 12th"]
[Site "Callao"]
[Date "2023.10.20"]
[Round "8"]
[White "Garzon Zapatanga, Christopher Leonel"]
[Black "Mancheno Barahona, Matias Gabriel"]
[Result "1-0"]
[WhiteElo "2079"]
[BlackElo "1820"]
[PlyCount "65"]
[EventDate "2023.10.16"]
[EventType "swiss"]
[EventRounds "9"]
[EventCountry "PER"]
[SourceTitle "CBM 217 Extra"]
[Source "ChessBase"]
[SourceDate "2024.01.31"]
[SourceVersion "1"]
[SourceVersionDate "2024.01.31"]
[SourceQuality "1"]

1. e4 c5 2. Nf3 g6 3. d4 cxd4 4. Nxd4 Bg7 5. Nc3 Nc6 6. Be3 Nf6 7. Bc4 0-0 8. Bb3 d6 9. h3 Bd7 10. 0-0 Rc8 11. f4 Qa5 12. Qf3 Nxd4 13. Bxd4 Bc6 14. Nd5 Bxd5 15. exd5 Nd7 16. Bxg7 Qc5+ 17. Kh2 Kxg7 18. Rae1 Rfe8 19. Re3 Nf6 20. c3 b5 21. f5 Rc7 22. fxg6 hxg6 23. g4 Rh8 24. Kg2 Kf8 25. g5 Rh5 26. Qf4 e5 27. dxe6 Rxg5+ 28. Kh2 Nh5 29. exf7 Rg2+ 30. Kh1 Nxf4 31. Re8+ Kg7 32. f8Q+ Kh7 33. Qh8# 1-0

[Event "Pan American-ch School U15 12th"]
[Site "Callao"]
[Date "2023.10.19"]
[Round "6"]
[White "Garzon Zapatanga, Christopher Leonel"]
[Black "Yucra Valdes, Diego Alonso"]
[Result "1-0"]
[WhiteElo "2079"]
[BlackElo "1609"]
[PlyCount "63"]
[EventDate "2023.10.16"]
[EventType "swiss"]
[EventRounds "9"]
[EventCountry "PER"]
[SourceTitle "CBM 217 Extra"]
[Source "ChessBase"]
[SourceDate "2024.01.31"]
[SourceVersion "1"]
[SourceVersionDate "2024.01.31"]
[SourceQuality "1"]

1. e4 e6 2. d4 d5 3. e5 c5 4. c3 Nc6 5. Nf3 Qb6 6. a3 c4 7. Nbd2 Na5 8. g3 Bd7 9. h4 Ne7 10. Bh3 Nc8 11. 0-0 Qc7 12. Rb1 Nb6 13. Qe2 Ba4 14. Ne1 0-0-0 15. f4 g6 16. Ndf3 h5 17. Ng5 Qe7 18. Ng2 Kb8 19. f5 gxf5 20. Nf4 Nd7 21. Bxf5 exf5 22. Nxd5 Qe8 23. Bf4 Kc8 24. Nxf7 Qxf7 25. e6 Qh7 26. Rbe1 Nb6 27. e7 Nxd5 28. Qe6+ Bd7 29. Qxd5 Bxe7 30. Qxa5 Bd6 31. Bxd6 Bc6 32. Re7 1-0

[Event "Pan American-ch School U15 12th"]
[Site "Callao"]
[Date "2023.10.18"]
[Round "5"]
[White "Ramirez Sifuentes, Luis Angel"]
[Black "Garzon Zapatanga, Christopher Leonel"]
[Result "1-0"]
[WhiteElo "1871"]
[BlackElo "2079"]
[PlyCount "125"]
[EventDate "2023.10.16"]
[EventType "swiss"]
[EventRounds "9"]
[EventCountry "PER"]
[SourceTitle "CBM 217 Extra"]
[Source "ChessBase"]
[SourceDate "2024.01.31"]
[SourceVersion "1"]
[SourceVersionDate "2024.01.31"]
[SourceQuality "1"]

1. e4 c5 2. Nf3 Nc6 3. b3 e6 4. Bb2 d5 5. Bb5 dxe4 6. Ne5 Qc7 7. Nxc6 bxc6 8. Bc4 Nf6 9. Qe2 e5 10. Nc3 Bf5 11. 0-0-0 Bd6 12. h3 h5 13. f3 exf3 14. Qxf3 Qd7 15. Nb5 Bb8 16. Nc3 e4 17. Qf2 Be5 18. Rhf1 g6 19. Qxc5 Bd4 20. Nxe4 Nxe4 21. Qxd4 Qxd4 22. Bxd4 0-0 23. Be5 Rfe8 24. Bf4 Nf6 25. Rde1 Nd5 26. Bd6 Rad8 27. Rxe8+ Rxe8 28. Bc5 a5 29. a3 h4 30. Kb2 Nf6 31. d3 Nd7 32. Bf2 Re2 33. Kc1 a4 34. b4 Ne5 35. Kd1 Rxc2 36. Kxc2 Nxc4 37. Ra1 Ne5 38. Bxh4 Nxd3 39. Kd2 Nf4 40. Rg1 Nd5 41. Rc1 Bd7 42. Bg3 Kf8 43. Kd3 f5 44. Kd4 Ke7 45. b5 f4 46. bxc6 Be6 47. Bh4+ Kd6 48. Bg5 f3 49. gxf3 Bxh3 50. c7 Bc8 51. Rc5 Nb6 52. Bf4+ Kd7 53. Be5 Bb7 54. f4 Nc8 55. Rc4 Nb6 56. Rb4 Kc6 57. Rb1 Bc8 58. Rc1+ Kb7 59. Kc5 Nd7+ 60. Kd6 Nb6 61. Bd4 Nd7 62. Rb1+ Ka6 63. Rb8 1-0

[Event "Pan American-ch School U15 12th"]
[Site "Callao"]
[Date "2023.10.17"]
[Round "3"]
[White "Zapana Huarza, Fabricio Elvis"]
[Black "Garzon Zapatanga, Christopher Leonel"]
[Result "0-1"]
[WhiteElo "1585"]
[BlackElo "2079"]
[PlyCount "142"]
[EventDate "2023.10.16"]
[EventType "swiss"]
[EventRounds "9"]
[EventCountry "PER"]
[SourceTitle "CBM 217 Extra"]
[Source "ChessBase"]
[SourceDate "2024.01.31"]
[SourceVersion "1"]
[SourceVersionDate "2024.01.31"]
[SourceQuality "1"]

1. d4 g6 2. Nf3 Bg7 3. e3 c5 4. c3 Nf6 5. Nbd2 0-0 6. Bd3 d5 7. 0-0 Nbd7 8. b3 Qc7 9. Bb2 e5 10. dxe5 Nxe5 11. Nxe5 Qxe5 12. Nf3 Qe7 13. c4 dxc4 14. Bxc4 Bf5 15. Qe2 Ne4 16. Bxg7 Kxg7 17. Qb2+ Qf6 18. Qxf6+ Kxf6 19. Bd5 Rab8 20. Bxe4 Bxe4 21. Rfd1 Rfd8 22. Ne1 b6 23. f3 Bc6 24. Kf2 a5 25. e4 Ke7 26. Ke3 a4 27. g3 axb3 28. axb3 Ra8 29. Nc2 Rxd1 30. Rxd1 Ra2 31. Kd3 f5 32. Re1 fxe4+ 33. fxe4 Ke6 34. e5 Ra8 35. b4 Bd5 36. Kc3 Rf8 37. bxc5 bxc5 38. Ne3 Rf3 39. Kd2 Kxe5 40. Nxd5+ Kxd5 41. Ke2 Ra3 42. Rd1+ Ke4 43. Rc1 Ra2+ 44. Kf1 Kd4 45. Rd1+ Kc3 46. h4 Rd2 47. Re1 c4 48. Re7 Rd6 49. Rxh7 Kd2 50. h5 gxh5 51. Rxh5 c3 52. Rc5 c2 53. Kg2 c1Q 54. Rxc1 Kxc1 55. Kf3 Kd2 56. Kg4 Rd4+ 57. Kf3 Kd3 58. g4 Kc4 59. Kg3 Kd5 60. Kh4 Ke6 61. Kh5 Kf7 62. Kg5 Rd5+ 63. Kh6 Kf6 64. Kh7 Rg5 65. Kh6 Rxg4 66. Kh5 Rg8 67. Kh4 Kf5 68. Kh3 Kf4 69. Kh2 Kf3 70. Kh1 Kf2 71. Kh2 Rh8# 0-1

[Event "Pan American-ch School U15 12th"]
[Site "Callao"]
[Date "2023.10.16"]
[Round "2"]
[White "Garzon Zapatanga, Christopher Leonel"]
[Black "Condori Lima, Baruc Sami"]
[Result "1-0"]
[WhiteElo "2079"]
[BlackElo "1543"]
[PlyCount "118"]
[EventDate "2023.10.16"]
[EventType "swiss"]
[EventRounds "9"]
[EventCountry "PER"]
[SourceTitle "CBM 217 Extra"]
[Source "ChessBase"]
[SourceDate "2024.01.31"]
[SourceVersion "1"]
[SourceVersionDate "2024.01.31"]
[SourceQuality "1"]

1. e4 e6 2. d4 d5 3. e5 c5 4. c3 Nc6 5. Nf3 Bd7 6. Bd3 cxd4 7. cxd4 Qb6 8. 0-0 Nxd4 9. Nbd2 Ne7 10. Nxd4 Qxd4 11. Nf3 Qa4 12. b3 Qg4 13. Bd2 Nc6 14. h3 Qh5 15. Bf4 Be7 16. a3 f5 17. b4 a6 18. Rc1 Rc8 19. Qd2 0-0 20. Be2 Qf7 21. Rfd1 Na7 22. Qe3 Nc6 23. b5 axb5 24. Bxb5 Qe8 25. a4 Na5 26. Qb6 Rxc1 27. Rxc1 Bd8 28. Bxd7 Bxb6 29. Bxe8 Rxe8 30. Rb1 Bc7 31. Nd4 h6 32. h4 Bd8 33. h5 b6 34. Nb5 Nc4 35. Nd6 Nxd6 36. exd6 e5 37. Re1 Bf6 38. d7 Rd8 39. Bxe5 Rxd7 40. Bxf6 gxf6 41. Re6 Kf7 42. Rxb6 Ra7 43. Rb4 Ke6 44. Kf1 Kd6 45. Ke2 Kc5 46. Rf4 Re7+ 47. Kd3 Re5 48. f3 Kd6 49. a5 Re1 50. Ra4 Re7 51. a6 Ra7 52. Kd4 f4 53. Ra5 Kc6 54. Rc5+ Kb6 55. Rxd5 Kxa6 56. Rd6+ Kb5 57. Rxf6 Rg7 58. Rg6 Rh7 59. Ke4 Kc5 1-0

[Event "Pan American-ch School U15 12th"]
[Site "Callao"]
[Date "2023.10.16"]
[Round "1"]
[White "Huertas Poma, Adrian Antonio"]
[Black "Garzon Zapatanga, Christopher Leonel"]
[Result "0-1"]
[WhiteElo "1399"]
[BlackElo "2079"]
[PlyCount "72"]
[EventDate "2023.10.16"]
[EventType "swiss"]
[EventRounds "9"]
[EventCountry "PER"]
[SourceTitle "CBM 217 Extra"]
[Source "ChessBase"]
[SourceDate "2024.01.31"]
[SourceVersion "1"]
[SourceVersionDate "2024.01.31"]
[SourceQuality "1"]

1. d4 Nf6 2. Bf4 g6 3. e3 Bg7 4. Be2 d6 5. Nf3 Nh5 6. Bg5 h6 7. Bh4 g5 8. Nfd2 Nf6 9. Bg3 c5 10. c3 Nc6 11. 0-0 Bf5 12. Bf3 Qd7 13. dxc5 dxc5 14. Nc4 0-0 15. Qxd7 Bxd7 16. Rd1 Rfd8 17. Nba3 Rac8 18. Ne5 Na5 19. Nxd7 Rxd7 20. Rxd7 Nxd7 21. Rd1 Ne5 22. Bxe5 Bxe5 23. b4 Nc6 24. bxc5 Bxc3 25. Rb1 Nb4 26. c6 bxc6 27. Rb3 Nxa2 28. Nc4 Bf6 29. Ra3 Rb8 30. h3 Rb1+ 31. Kh2 Nb4 32. Rxa7 Rc1 33. Nd2 Nd3 34. Ne4 Be5+ 35. g3 f5 36. Nd2 Rc2 0-1

[Event "Wch U20 60th"]
[Site "Mexico City"]
[Date "2023.10.01"]
[Round "11"]
[White "Fecker, Noah"]
[Black "Garzon Zapatanga, Christopher Leonel"]
[Result "1-0"]
[WhiteElo "2396"]
[BlackElo "2079"]
[PlyCount "121"]
[EventDate "2023.09.21"]
[EventType "swiss"]
[EventRounds "11"]
[EventCountry "MEX"]
[SourceTitle "CBM 216 Extra"]
[Source "ChessBase"]
[SourceDate "2023.11.30"]
[SourceVersion "1"]
[SourceVersionDate "2023.11.30"]
[SourceQuality "1"]

1. e4 c5 2. Nf3 d6 3. Bb5+ Bd7 4. Bxd7+ Qxd7 5. c4 Nc6 6. d4 cxd4 7. Nxd4 Nf6 8. Nc3 e6 9. 0-0 Be7 10. Be3 0-0 11. Qe2 Rfd8 12. Rad1 Rac8 13. Ndb5 b6 14. Bf4 e5 15. Bg5 Ne8 16. Be3 Nc7 17. Nxc7 Qxc7 18. Nd5 Qd7 19. Rd3 Qe6 20. Rfd1 Bf8 21. b3 Rd7 22. Bc1 g6 23. Bb2 Bg7 24. Qd2 Rf8 25. Nb4 Nxb4 26. Qxb4 Rfd8 27. Ba3 Bf8 28. Qd2 Qg4 29. Qe1 Be7 30. Rd5 h5 31. R1d3 Kh7 32. Rg3 Qe6 33. Qd1 f5 34. exf5 Qxf5 35. Rf3 Qe6 36. Qe2 Rf8 37. Rfd3 Rdd8 38. Bc1 Rf5 39. Qe4 Bg5 40. Bxg5 Rxg5 41. f3 Rf5 42. Qe1 Qc8 43. Qb4 e4 44. fxe4 Rf4 45. Rxd6 Rdf8 46. Rd7+ Kh6 47. Rd1 Qc6 48. g3 Rf2 49. R7d2 R2f3 50. Re2 Qf6 51. Qe1 h4 52. e5 Qe6 53. Qd2+ Kh5 54. Rg2 hxg3 55. hxg3 g5 56. Rh2+ Kg6 57. Qc2+ Qf5 58. Rd6+ Kg7 59. Rd7+ Kg6 60. Rh6+ Kxh6 61. Qh2+ 1-0